Les sons de il me ressemble pas non plus de Khali - Statistiques

Statistiques générales
  • Ce quiz a été pris 139 fois
  • Le résultat moyen est 8 sur 16
Statistiques - réponses
Réponse % Correct
ENTRE PALMER ET PARIS ZOO
68%
808
66%
LE MONDE EST À TOI
66%
JE M'EN MOQUE EFFECTIVEMENT
65%
LA FLÈCHE
65%
PEPELE
58%
UMBRELLA
55%
KOLAF INTERLUDE
54%
NO PSY
54%
JAMAIS COMME ILS VONT
51%
EN VRAI
47%
PAS DE ZGA INTERLUDE
45%
JE FERAI DE MON MIEUX
36%
G LE SEUL
35%
BLOODY PLM
34%
ON T'A PROMIS QUOI ?
20%
Aucun quiz correspondant
Distribution des résultats
% des personnes avec chaque résultat
Percentile par nombre de réponses
Votre historique - résultats
Vous n’avez pas pris ce quiz